| 000 | 00438cam a22001337a 4500 | ||
|---|---|---|---|
| 008 | 180718b1971 xxu||||| |||| 00| 0 eng d | ||
| 082 | _aL2x5433 P969 | ||
| 100 | _aPunjab. Taxation Enquiry and Resources Committee | ||
| 245 | _aReport of the Taxation Enquiry and Resources Committee Punjab, 1971 | ||
| 260 |
_aChandigarh _bThe author _c1971 |
||
| 300 | _a514+p. | ||
| 500 | _aChairman: Baldev Pradash | ||
| 700 | _aPrakash, Baldev, Chairman | ||
| 999 |
_c489370 _d489370 |
||